00606nam a2200181 a 450000500170000000800410001702000180005805000250007610000210010124501020012226000460022430000160027044000270028650000280031365000440034165000180038565000210040320140412111353.0050425s19uu xx 00 eng d a0-02-660859-6 aTR(GS 372.4bO1 2000 aO' Brien, Robert aWendell's pets :bdecodable book /cby Anne and Robert O' Brien ; illustrated by Elle Joy Sasaki. aColumbus, Ohio :bSRA/McGraw-Hill,c2000. a8 p. ; ill. aSRA Open Court Reading aLevel B, Set 1, Book 32 aReadingxPhoneticsxJuvenile literature aPetsxFiction aChildren stories